000 02085 a2200229 4500
001 26754
005 20260407155545.0
008 260407a1984 arg spa d
003 AR-UNSa-BCEJYS
040 _aAR-UNSa-BCEJYS
_bspa
_cAR-UNSa-BCEJYS
080 _a658.8
_xOrganización de mercados. Marketing. Ventas. Distribución
245 1 0 _aFundamentos de mercadotecnia
020 _a968-880-025-2
264 1 _aMéxico :
_bPrentice-Hall Hispanoamericana
_c1984
300 _a648 p.
_c24 cm.
505 _a1. Fundamentos sociales de mercadotecnia: satisfacción de la necesidades humanas - 2. Procesos de la administración de mercadotecnia - 3. Investigación de mercadotecnia y sistemas de información - 4. El ambiente de mercadotecnia - 5. Mercados de consumidores y comportamiento de compra del consumidor - 6. Mercados organizacionales y conducta organizacional del comprador - 7. Segmentación, selección de mercados y posicionamiento en el mercado - 8. Diseño de productos: Productoas, marcas, empaquetado y servicios - 9. Diseño de productos: estartegias relativas al desarrollo de nuevos productos y al ciclo de vida del producto - 10. Fijación de precios de los productos: Objetivos y políticas de la fijación de precios - 11. Fijación de precios de los productos: estartegias relativas a la fijación de precios - 12. Colocación de los productos: canales de distribución y distribución física - 13. Colocación de los productos: comercfio detallista y comercio mayorista - 14. Promoción de los productos: Comunicación y estrategia de la promoción - 15. Promoción de productos: Publicidad, promoción de ventas y publicidad no pagada - 16. Promoción de los productos: Venta personal y administración de ventas - 17. Estrategia, planeación y control - 18. Mercadotecnia internacional - 19. Mercadotecnia de servicios y mercadotecnia no lucrativa - 20. Meracdotecnia y sociedad.
942 _cBK
590 _aniveau_biblio:m niveau_hierar:0
100 1 _aKotler, Philip
700 1 _aRosas Sánchez, Rosa María
700 1 _aBenassini Félix, Marcela
999 _c1493
_d1493